000 01008nam a2200229Ia 4500
003 Ost
005 20260507075330.0
008 260507s9999||||xx |||||||||||||| ||und||
020 _a978995781038
040 _cfsecg
041 _aara
082 _a330
100 _aالصرصور، معن نعمان
_eمؤلف
245 0 _aإدارة الأرباح في شركات القطاع المالي /
_c معن نعمان الصرصور
260 _aعمان:
_bدار جليس الزمان,
_c2010
300 _a154 صفحة؛
_bإيضاحات ؛
_c25 سم
504 _aقائمة الاشكال ص.9
520 _aتعريف ادارة الارباح و دوافعها ، دوافع سوق رأس المال ، الدوافع التعاقدية و الدوافع التشريعية أو التنظيمية ، المستحقات الأكثر استخداما في ادارة الارباح
653 _aالارباح ــ ادارة
653 _aالأسواق المالية
942 _cكتاب
999 _c43999
_d43999